000 007730000a22001210004500
100 1 _aTorres Carrillo, Alfonso.
245 1 0 _aEducación popular e investigación participativa.
300 _ano.42 (dic.,2009), p.40-47
520 _aEn el presente artículo se presenta una visión de conjunto de las diferentes maneras como la educción popular ha incorporado en sus prácticas y reflexiones la producción de conocimientos, en particular las diferentes modalidades de la investigación participativa con la cual tiene parentesco en primer grado. Luego de una presentación de la educación popular como movimiento educativo y corriente pedagógica.
650 1 4 _aEDUCACION - INVESTIGACIONES
773 0 _tRevista internacional magisterio : educación y ped
942 _cANA
999 _c63088
_d63088